000 00976cab a2200181 4500
001 L130733
008 050826n2005 000 0 eng u
035 _a(Sirsi) u130733
041 _aeng
100 _aDuncan, Bryan
245 _aFifty-nine per cent of monthly portfolio value goes to retails - Q4, 2004!
260 _c2005
490 _aJournal of Retail and Leisure Property
_v4(3) 2005, 260-271(12)
520 _aThe retail sector was again top during 2004, with a total return of 21.7%. The performances was achieved off the back of the strongest retail growth and largest fall in yields. Retail growth stocks outperformed value stocks, but value stocks' rentals did well. Retails continue to get the bulk of net investment: they now account for 59% of monthly fund portfolio value. The retail sector should continue to deliver relatively strong returns.
590 _aIKA300805
690 _aPROPERTY-COMMERCIAL PROPERTY-COMMERCIAL PROPERTY MARKET
942 _n0
999 _c75783
_d75783